| 000 | 00821nam a22002897a 4500 | ||
|---|---|---|---|
| 003 | CHAP | ||
| 005 | 20220329135550.0 | ||
| 008 | 971013s1965 r 00010 d | ||
| 010 | _a38600 | ||
| 011 | _a39572 | ||
| 035 | _a43693 | ||
| 040 | _cCHAP | ||
| 082 |
_a515.9 _bM5 |
||
| 100 | 0 | 0 |
_aMitrinovic, D. S. _976253 |
| 245 | _aFunctions of a complex variable | ||
| 260 |
_aGroningen : _bNoordhoff, _c1965 |
||
| 300 | _a114 p | ||
| 490 |
_aTutorial texts _v; 2 |
||
| 590 |
_aBATCH-UPD _b10 _c20130110 _lUCH01 _h0233 |
||
| 590 |
_aBATCH-UPD _b10 _c20130110 _lUCH01 _h2102 |
||
| 590 |
_aCONVERSION _b10 _c20130109 _lUCH01 _h1321 |
||
| 650 | 1 | 4 |
_aVariables complejas. _9118139 |
| 830 | 0 |
_aTutorial texts _v; 2 _9115706 |
|
| 901 | _aBK | ||
| 942 | _cLIBRO | ||
| 949 |
_a515.9 M5 _bBC _cLIBRO _d-99960 _eLIBRO _h15924 _i43693 _mD _si |
||
| 999 |
_c38600 _d38600 |
||